Villes de Charente en images - Statistiques

Statistiques générales
  • Ce quiz a été pris 4 fois
  • Le résultat moyen est 3 sur 18
Statistiques - réponses
Par images Hint Réponse % Correct
A Angoulême
100%
C Cognac
50%
LR-e-A La Rochefoucauld-en-Angoumois
50%
B-St-H Barbezieux-Saint-Hilaire
25%
J Jarnac
25%
M Montbron
25%
A-s-D Aubeterre-sur-Dronne
0%
C Champniers
0%
C-s-B Chasseneuil-sur-Bonnieure
0%
C Confolens
0%
LC La Couronne
0%
M-l-F Mansle-les-Fontaines
0%
M Montmoreau
0%
R Rouillac
0%
R Ruffec
0%
St-A-d-B Saint-Amant-de-Boixe
0%
S Soyaux
0%
V-L Villebois-Lavalette
0%
Aucun quiz correspondant
Distribution des résultats
% des personnes avec chaque résultat
Percentile par nombre de réponses
Votre historique - résultats
Vous n’avez pas pris ce quiz